00642cam a22002173a 45000010005000000030006000050050017000110080041000280400015000690420007000840500007000911000032000982450097001302600029002275050026002565060030002825160020003126530023003328300028003558560041003836199PGUSA20140828083129.0040701s2004||||xxu|||||s|||||000 1 eng d aPGUSAbeng adc 4aPS1 aParker, Gilbert,d1862-193210aCumner's Son and Other South Sea Folk — Volume 05h[electronic resource] /cGilbert Parker bProject Gutenberg,c20040 aA pagan of the south. aPublic domain in the USA. aElectronic text aOceania -- Fiction 0aProject Gutenbergv619940uhttp://www.gutenberg.org/ebooks/6199